000 00586nam a22001817a 4500
005 20251108164341.0
008 250721s1988 xx 000 0 ara d
082 1 4 _a398.2/أوز
100 1 _aأوزبك، باتري
245 1 0 _aأساطير النارتيين و التاريخ الحديث للشراكسه /
264 1 _aعمان :
_bمكتبة الشباب و مطبعتها،
_c1988.
300 _a209ص
650 1 7 _aعلم الأساطير
650 1 7 _aالجراكسة
700 1 _aزنداقي، أحمد راتب
_eترجمة
942 _2ddc
_cBK
999 _c10006
_d10006